| 000 | 00792nab a2200229u 4500 | ||
|---|---|---|---|
| 001 | 21268 | ||
| 003 | HDC | ||
| 007 | c| |||a|c|aaaa | ||
| 008 | 210305b20110414my ||||o |||| 00| 0 eng d | ||
| 040 | _aHDC | ||
| 100 |
_aEva Fernandes, Kipp / _eauthor _918854 |
||
| 245 | 0 |
_aCashing in On the Halal Food Industry / _cEva Fernandes, Kipp |
|
| 336 |
_atext _2rdacontent |
||
| 337 |
_acomputer _2rdamedia |
||
| 338 |
_aonline resource _2rdacarrier |
||
| 650 |
_aSAMI Halal Participation Index _918855 |
||
| 650 |
_aworld's first halal food indices _918856 |
||
| 856 | _zRequest full-text at [email protected] | ||
| 942 | _2lcc | ||
| 942 | _cNEWS | ||
| 942 | _kNWS0 004915 | ||
| 999 |
_c18584 _d18584 |
||